Digital speckle pattern interferometry and related techniques / (Record no. 178678)
[ view plain ]
| 000 -LEADER | |
|---|---|
| fixed length control field | 01307 a2200253 4500 |
| 003 - CONTROL NUMBER IDENTIFIER | |
| control field | Nust |
| 005 - DATE AND TIME OF LATEST TRANSACTION | |
| control field | 20221117103059.0 |
| 010 ## - LIBRARY OF CONGRESS CONTROL NUMBER | |
| LC control number | 00038173 |
| 020 ## - INTERNATIONAL STANDARD BOOK NUMBER | |
| International Standard Book Number | 0471490520 (cloth : alk. paper) |
| 040 ## - CATALOGING SOURCE | |
| Transcribing agency | Nust |
| 082 00 - DEWEY DECIMAL CLASSIFICATION NUMBER | |
| Classification number | 621.3675,DIG |
| 245 00 - TITLE STATEMENT | |
| Title | Digital speckle pattern interferometry and related techniques / |
| Statement of responsibility, etc. | edited by P.K. Rastogi. |
| 260 ## - PUBLICATION, DISTRIBUTION, ETC. | |
| Place of publication, distribution, etc. | Chichester ; |
| -- | New York : |
| Name of publisher, distributor, etc. | Wiley, |
| Date of publication, distribution, etc. | c2001. |
| 300 ## - PHYSICAL DESCRIPTION | |
| Extent | xiv, 368 p. : |
| Other physical details | ill. ; |
| Dimensions | 24 cm. |
| 505 ## - FORMATTED CONTENTS NOTE | |
| Formatted contents note | Speckle Statistics in the Context of Digital Speckle Interferometry (Page-1), Automated Analysis of Speckle Interferograms (Page-59), Measurement of Static Surface Displacements, Derivatives of Displacements, and Three Dimensional Surface Shapes (Page-141), Dynamic Measurements (Page-225), Digital Speckle Photography (Page-289), Digital Holographic Interferometry (Page-337). |
| 650 #0 - SUBJECT ADDED ENTRY--TOPICAL TERM | |
| Topical term or geographic name entry element | Holographic interferometry |
| General subdivision | Data processing. |
| 9 (RLIN) | 102772 |
| 650 #0 - SUBJECT ADDED ENTRY--TOPICAL TERM | |
| Topical term or geographic name entry element | Image processing |
| General subdivision | Digital techniques. |
| 9 (RLIN) | 673 |
| 650 #0 - SUBJECT ADDED ENTRY--TOPICAL TERM | |
| Topical term or geographic name entry element | Interferometry |
| General subdivision | Data processing. |
| 9 (RLIN) | 102773 |
| 650 #0 - SUBJECT ADDED ENTRY--TOPICAL TERM | |
| Topical term or geographic name entry element | Speckle metrology. |
| 9 (RLIN) | 102774 |
| 700 1# - ADDED ENTRY--PERSONAL NAME | |
| Personal name | Rastogi, P. K. |
| 9 (RLIN) | 96304 |
| 856 42 - ELECTRONIC LOCATION AND ACCESS | |
| Materials specified | Publisher description |
| Uniform Resource Identifier | <a href="http://www.loc.gov/catdir/description/wiley035/00038173.html">http://www.loc.gov/catdir/description/wiley035/00038173.html</a> |
| 856 42 - ELECTRONIC LOCATION AND ACCESS | |
| Materials specified | Table of Contents |
| Uniform Resource Identifier | <a href="http://www.loc.gov/catdir/toc/onix07/00038173.html">http://www.loc.gov/catdir/toc/onix07/00038173.html</a> |
| 942 ## - ADDED ENTRY ELEMENTS (KOHA) | |
| Source of classification or shelving scheme | |
| Koha item type | Book |
| Withdrawn status | Lost status | Source of classification or shelving scheme | Damaged status | Not for loan | Permanent Location | Current Location | Shelving location | Date acquired | Full call number | Barcode | Date last seen | Price effective from | Koha item type | Public note |
|---|---|---|---|---|---|---|---|---|---|---|---|---|---|---|
| Military College of Signals (MCS) | Military College of Signals (MCS) | General Stacks | 12/12/2016 | 621.3675,DIG | MCS31817 | 12/08/2016 | 12/12/2016 | Book | Almirah No.30, Shelf No.4 |
